El nuevo paradigma en la administración pública en Colombia (Registro nro. 78888)

Detalles MARC
000 -CABECERA
campo de control de longitud fija 00666nam a2200205Ia 4500
001 - NÚMERO DE CONTROL
campo de control 78888
003 - IDENTIFICADOR DEL NÚMERO DE CONTROL
campo de control 154912
005 - FECHA Y HORA DE LA ÚLTIMA TRANSACCIÓN
campo de control 20250312062604.0
008 - DATOS DE LONGITUD FIJA--INFORMACIÓN GENERAL
campo de control de longitud fija ||||||n9999 ||| || ||
245 #0 - MENCIÓN DE TÍTULO
Título El nuevo paradigma en la administración pública en Colombia
562 ## - NOTA DE IDENTIFICACIÓN DE LA COPIA Y VERSIÓN
Número de copias 1
650 #0 - PUNTO DE ACCESO ADICIONAL DE MATERIA--TÉRMINO DE MATERIA
Término de materia o nombre geográfico como elemento de entrada BOGOTÁ (COLOMBIA)--ADMINISTRACIÓN PÚBLICA
9 (RLIN) 1503
650 #0 - PUNTO DE ACCESO ADICIONAL DE MATERIA--TÉRMINO DE MATERIA
Término de materia o nombre geográfico como elemento de entrada Crisis del Estado
9 (RLIN) 3830
650 ## - PUNTO DE ACCESO ADICIONAL DE MATERIA--TÉRMINO DE MATERIA
Término de materia o nombre geográfico como elemento de entrada ESPECIALIZACIÓN EN GESTIÓN PÚBLICA--TESIS Y DISERTACIONES ACADÉMICAS
9 (RLIN) 11969
650 ## - PUNTO DE ACCESO ADICIONAL DE MATERIA--TÉRMINO DE MATERIA
Término de materia o nombre geográfico como elemento de entrada ESTADO BENEFACTOR
9 (RLIN) 91701
650 ## - PUNTO DE ACCESO ADICIONAL DE MATERIA--TÉRMINO DE MATERIA
Término de materia o nombre geográfico como elemento de entrada MARCO LEGAL
9 (RLIN) 85836
650 #0 - PUNTO DE ACCESO ADICIONAL DE MATERIA--TÉRMINO DE MATERIA
Término de materia o nombre geográfico como elemento de entrada Neoliberalismo
9 (RLIN) 4105
650 ## - PUNTO DE ACCESO ADICIONAL DE MATERIA--TÉRMINO DE MATERIA
Término de materia o nombre geográfico como elemento de entrada TESIS Y DISERTACIONES ACADÉMICAS
9 (RLIN) 100370
942 ## - ELEMENTOS DE PUNTO DE ACCESO ADICIONAL (KOHA)
Tipo de ítem Koha Tesis
Existencias
Estado de retiro Estado de pérdida Estado dañado No para préstamo Código de colección Localización permanente Ubicación/localización actual Coste, precio normal de compra Total de préstamos Signatura topográfica completa Código de barras Número de copia Tipo de ítem Koha
        Trabajos de Grado Bogotá - Sede Central Bogotá - Sede Central 0.00   BOG049 2000 88295 1 Tesis